| 000 | 01196nam0a2200325 4500 | ||
|---|---|---|---|
| 001 | RU\NLR\bibl\548826 | ||
| 005 | 20250609160046.0 | ||
| 010 |
_a5-7411-0064-4 _91000 |
||
| 021 |
_aRU _b2004-41865 _92077 |
||
| 035 | _a(NLR Aleph) 000541014 | ||
| 090 |
_a1412916 _c1412916 |
||
| 100 | _a20040903d2003 |||y0rusy50 ca | ||
| 101 | 0 | _arus | |
| 102 | _aRU | ||
| 105 | _aa ||||||||| | ||
| 200 | 1 |
_aРеки Аги _fБ.Б. Шайбонов, А.Д. Шайбонова, А.Б. Шайбонова |
|
| 210 |
_aУлан-Удэ _cБурят. кн. изд-во _d2003 |
||
| 215 |
_a143 с. _cил. _d20 |
||
| 320 | _aБиблиогр.: с. 92-94 | ||
| 606 | 0 |
_aРеки _yАгинский Бурятский автономный округ _92350432 _3RU\NLR\auth\661404271 |
|
| 686 | _aД225.9(2Р54-4Чи-6А) | ||
| 700 | 1 |
_aШайбонов _bБ. Б. _gБолот Батожаргалович _4070 |
|
| 701 | 1 |
_aШайбонова _bА. Д. _gАльбина Дабажаповна _4070 |
|
| 701 | 1 |
_aШайбонова _bА. Б. _gАюна Болотовна _4070 |
|
| 801 | 0 |
_aRU _bNLR _c20040903 _gPSBO |
|
| 801 | 1 |
_aRU _bNLR _c20040903 |
|
| 942 | _cBOOK | ||
| 980 | _aNB | ||
| 980 | _aNBR | ||